000 00702nam a2200289Ia 4500
005 20260324134157.0
008 008 260324s9999 xx 000 0 eng d
020 _a9780203994047
037 _aEBOOK
040 _aCRL
040 _beng
040 _cCRL
041 _2eng
041 _aeng
084 _qCRL
100 _aRachelle Alterman
_91195857
245 0 _aPlanning in the Face of Crisis
245 0 _bLand Use, Housing, and Mass Immigration in Israel
260 _bTaylor and Francis
260 _c2002
365 _a
365 _b240
856 _uhttp://www.taylorfrancis.com/books/9780203994047
942 _cEBOOK
999 _c1795639
_d1795639